000 00457nam a2200169 i 4500
001 C2-0303053
003 PPAK
005 20180729001018.0
008 100311s2001 xxu|||| ||||| | eng d
040 _aPPAK
_beng
_cPPAK
_erda
245 0 0 _aDoctor Zhivago
264 1 _aUnited States :
_bAlliance Entertainment (M) Sdn. Bhd. ,
_c2001
336 _2rdacontent
_atext
337 _2rdamedia
_aunmediated
338 _2rdacarrier
_avolume
942 _2ddc
_cVCD
999 _c166016
_d166016